| 000 | 00686nam a2200253Ia 4500 | ||
|---|---|---|---|
| 008 | 200601s9999 xx 000 0 und d | ||
| 020 | _a981-261-129-0 | ||
| 050 | _aREF DS 594 | ||
| 050 | _b.M86 2005 | ||
| 100 | _aMunan, Heidi. | ||
| 245 | 0 | _aCultureshock! : | |
| 245 | 0 | _bMalaysia / | |
| 245 | 0 | _cHeidi Munan. | |
| 260 | _aSingapore : | ||
| 260 | _bMarshall Cavendish Editions, | ||
| 260 | _c2005 | ||
| 300 | _a264 pages : | ||
| 300 | _billustrations (some color) ; | ||
| 300 | _c22 cm. | ||
| 440 | _aCultureshock! | ||
| 500 | _aIncludes bibliographical references and index. | ||
| 650 | _aEtiquette -- Malaysia. | ||
| 650 | _xMalaysia -- Social life and customs. | ||
| 999 |
_c363292 _d363292 |
||